Estudio de señalización vial de la carretera el Crucero - San Rafael del Sur, 21 kilómetros
Presenta estudio de señalización vial de la carretera el Crucero - San Rafael del Sur, 21 kilometros, presenta un análisis de accidentabilidad para obtener las causas de los mismos, así como un estudio de velocidad de transitabilidad de los vehículos en la vía y estudio de la señalización ac...
| Main Authors: | , |
|---|---|
| Other Authors: | |
| Format: | Tesis Section = Libro |
| Language: | Undetermined Spanish |
| Published: |
Managua
UNI
2013
|
| Subjects: |
| LEADER | 01152nam a2200265Ia 4500 | ||
|---|---|---|---|
| 008 | 240830s9999 xx 000 0 und d | ||
| 040 | |a BIBLIOTECA-RUPAP T.Mon 388.3122 B826 | ||
| 041 | |a spa | ||
| 082 | |a T.Mon 388.3122 B826 | ||
| 100 | 1 | |a Bravo González, Oliver Danilo | |
| 100 | 1 | |b Doña López, Roger Alberto | |
| 245 | 1 | 0 | |a Estudio de señalización vial de la carretera el Crucero - San Rafael del Sur, 21 kilómetros |
| 260 | |a Managua |b UNI |c 2013 | ||
| 300 | |a 90 p. :il. | ||
| 500 | |a Contiene: anexos. | ||
| 502 | |a Tesis (Ingeniero Civil)- UNI, 2013. | ||
| 520 | 3 | |a Presenta estudio de señalización vial de la carretera el Crucero - San Rafael del Sur, 21 kilometros, presenta un análisis de accidentabilidad para obtener las causas de los mismos, así como un estudio de velocidad de transitabilidad de los vehículos en la vía y estudio de la señalización actual. | |
| 650 | 7 | |a SEÑALES DE TRANSITO | |
| 650 | 7 | |b SEGURIDAD VIAL | |
| 650 | 7 | |c SEÑALES DE TRANSITO | |
| 650 | 7 | |e ACCIDENTE DE TRANSITO - CARRETERAS | |
| 700 | 1 | |a Tutor: |b Calvo Rojas, Lucas Bernardo | |
| 942 | |c BK |2 ddc | ||
| 991 | |a TESIS | ||
| 999 | |c 18123 | ||